000 00471nam a2200133 a 4500
008 120416s1972 ||||||||||||||||| || u
020 _a070640078X
050 _aHE 1021 TRA
245 0 0 _aTrains around the world
_cBrian Haresnape
260 _aLondon
_bOctopus Books Limited
_c1972
300 _a162p. : ill.
350 _a0.00
995 _D0.00
_FCBU-MAIN LIBRARY (Kitwe)
_H1
_I8.00
_M1
_UWEEDED
_VJul 26, 2017
_ZReference Collection
999 _c60276
_d60276